Molecular assay of experimental trichinellosis by using the cloned of PCR-derived RAPD probes

Bibliographic Details
Main Authors: Chrisanfova, G.G (Author), Semjenova, S.K (Author), Asatryan, A. M. (Author), Movsesjan, S.O (Author), Ryskov, A.P (Author)
Corporate Author: Medzinárodné helmintologické sympózium Košice, Slovensko (Author)
Format: Conference Proceeding Article
Language:Slovak
English
ISSN:0440-6605
Subjects:

MARC

LEADER 00000nab a2200000 a 4500
001 vtls000790969
003 SK-MaSNL
005 20260304130856.0
008 250429c1999 xo 0 slo
015 |a SNBRB2002/05-15250 
035 |a CLN000142624 
035 |a urn:nbn:sk:snk-ab32x2 
035 |a (urnnbn)urn:nbn:sk:snk:ar-a05rd0 
035 |a (uuid)4a2ec5f2-b65e-446c-908a-d20a256d0654 
040 |a SNKBUCL  |b slo  |c SNKBUCL  |e AACR2 
041 0 |a eng 
044 |a xo  |c SK 
080 |a 576.895.132:575.13:57.083  |2 1997 
080 |a 575.13  |2 1997 
080 |a 595.132  |2 1997 
080 |a 616.995.132  |2 1997 
080 |a 57.083  |2 1997 
111 1 |a Medzinárodné helmintologické sympózium  |n 8.  |d 1999  |c Košice, Slovensko  |4 aut  |9 1301504 
245 0 0 |a Molecular assay of experimental trichinellosis by using the cloned of PCR-derived RAPD probes  |c G.G. Chrisanfova ... [et al.] 
650 0 7 |a trichinelóza  |x patológia  |x genetika  |2 snkbucl  |9 1442954 
650 0 7 |a kód genetický  |2 snkbucl  |9 907269 
650 0 7 |a klonovanie molekulárne  |2 snkbucl  |9 925130 
650 0 7 |a trichinelóza  |x patológia  |2 snkbucl  |9 1442955 
650 0 7 |a kód genetický  |x genetika  |x imunológia  |2 snkbucl  |9 1442956 
650 0 7 |a klonovanie molekulárne  |x metódy  |2 snkbucl  |9 1074740 
650 0 7 |a technika náhodnej amplifikovanej polymorfnej DNA  |x normy a štandardy  |x trendy  |2 snkbucl  |9 1442957 
650 0 7 |a abstrakty z kongresu  |2 snkbucl  |9 168204 
655 7 |a články z novín a časopisov  |2 snkbucl  |9 267496 
700 1 |a Chrisanfova, G.G.  |4 aut  |9 1439687 
700 1 |a Semjenova, S.K.  |4 aut  |9 1439686 
700 1 |a Asatryan, A. M.  |4 aut  |9 22752 
700 1 |a Movsesjan, S.O.  |4 aut  |9 1153812 
700 1 |a Ryskov, A.P.  |4 aut  |9 1439688 
773 0 |t Helminthologia  |g Roč. 36, suppl. (1999), s. 31  |x 0440-6605 
850 |a Slovenská národná knižnica 
852 |a Slovenská národná knižnica 
958 |a article27 
958 |a MI 
958 |a OND 
958 |a EUIPO 
992 |a RBX 
999 |c 2895801  |d 2897731